Datum a čas kvízu
27
Celkem bodů
Celkový počet nahraných bodů na tomto kvízu bez doplňovacích otázek.
8.
Pořadí na kvízu
Konečné umístění týmu na tomto kvízu.
Zaznamenané odpovědi
| # | Otázka | Odpověď | Body | Výsledky |
|---|---|---|---|---|
| 1. | Na sociálních sítích se minulý... | v Pardubicích | 0 | |
| 2. | V uplynulém týdnu odstartovala... | Donald Trump | 1 | |
| 3. | V pátek večer ovládl udílení f... | Cate Blanchettová | 0 | |
| 4. | V pondělí představila společno... | příchuť vesmíru | 0 | |
| 5. | Po útoku na Ukrajinu odstoupil... | Helsinky, Riga | 1 | |
| 6. | Začneme sarajevským atentátem... | V 50 letech. (Uznáváme 48–52 let.) | 0 | |
| 7. | Ve Spojených státech se událo... | 1A 2B 3C 4D | 0 | |
| 8. | Mehmet Ali Ağca [ádža] je ture... | D | 0 | |
| 9. | Jak se jmenoval jediný novodob... | Alois Rašín | 1 | |
| 10. | Poslední bod tohoto tématu roz... | Bénazír Bhuttová, Pákistán | 0 |